L'enseignement au feminin : etude internationale sur la facon dont filles et garcons sont eleves et instruits.

Αποθηκεύτηκε σε:
Λεπτομέρειες βιβλιογραφικής εγγραφής
Συγγραφή απο Οργανισμό/Αρχή: Organisation for Economic Co-operation and Development
Μορφή: Βιβλίο
Γλώσσα:French
English
Δημοσίευση: Paris : Organisation de Cooperation et de Developpement Economiques, 1986.
Θέματα:
Ετικέτες: Προσθήκη ετικέτας
Δεν υπάρχουν, Καταχωρήστε ετικέτα πρώτοι!

MARC

LEADER 00000cam a2200000 i 4500
001 1/203
008 950630s1986 fr | ||| ||| ||fre||
020 |a 9264228659 
035 |l 10013997 
040 |a GR-MyUA  |b gre  |e AACR2 
041 1 |a fre  |h eng 
082 7 |a 370   |2 (22) 
245 0 0 |a L'enseignement au feminin :   |b etude internationale sur la facon dont filles et garcons sont eleves et instruits.  
260 |a Paris :   |b Organisation de Cooperation et de Developpement Economiques,   |c 1986.  
300 |a 201 σ. ;   |c 23 εκ. 
500 |a Τίτλος πρωτοτύπου: Girls and women in education.  
650 0 0 |a Education. 
650 0 0 |a Educational surveys. 
710 2 |a Organisation for Economic Co-operation and Development. 
852 |a INST  |b LESVOS  |e 19950630  |h 370 ENS  |p 005100008274  |q 005100008274  |t BK  |y 0 
922 |a 1ΔΩΡ  |b 198910